<?xml version="1.0" encoding="UTF-8"?>
<marc:record xmlns:marc="http://www.loc.gov/MARC21/slim">
   <marc:leader>00000nam a2200000 a 4500</marc:leader>
   <marc:datafield ind1="1" ind2=" " tag="100">
      <marc:subfield code="a">Eder, Rebekka</marc:subfield>
      <marc:subfield code="4">aut</marc:subfield>
      <marc:subfield code="e">Verfasser/-in</marc:subfield>
   </marc:datafield>
   <marc:datafield ind1="0" ind2="0" tag="245">
      <marc:subfield code="a">Die Tochter des Apothekers</marc:subfield>
   </marc:datafield>
   <marc:datafield ind1="0" ind2="0" tag="245">
      <marc:subfield code="b">Roman</marc:subfield>
   </marc:datafield>
   <marc:datafield ind1=" " ind2="1" tag="264">
      <marc:subfield code="b">atb</marc:subfield>
      <marc:subfield code="c">2021</marc:subfield>
   </marc:datafield>
   <marc:datafield ind1="1" ind2=" " tag="490">
      <marc:subfield code="a">Die Schokoladenfabrik</marc:subfield>
   </marc:datafield>
   <marc:datafield ind1="1" ind2=" " tag="520">
      <marc:subfield code="a">Köln, 1838: Anna Sophia liebt es, ihrem Vater in der Apotheke zu helfen. Stolz ist sie auch auf ihre eigene Kreation: köstliche Hustenbonbons. Als der Apothekergeselle August um ihre Hand anhält, blickt sie einer sicheren Zukunft entgegen. Doch plötzlich wird ihr Vater krank. Die Ärzte scheinen ihm nicht helfen zu können, und ausgerechnet August gerät unter Verdacht, ihrem Vater schaden zu wollen, um die Apotheke an sich zu reißen. Währenddessen kehrt Franz Stollwerck, der Sohn des Krämers, nach Jahren der Wanderschaft in die Stadt zurück. Er ist schon seit Kindertagen in Anna Sophia verliebt, und auch sie hat nie aufgehört an ihn zu denken. Als er ihr einen Heiratsantrag macht, steht Anna Sophia vor einer schwierigen Entscheidung...</marc:subfield>
   </marc:datafield>
   <marc:datafield ind1=" " ind2=" " tag="020">
      <marc:subfield code="a">9783746614885</marc:subfield>
      <marc:subfield code="9">9783746614885</marc:subfield>
   </marc:datafield>
</marc:record>
